000 01633nmm a2200553 a 4500
003 AR-BaBNM
005 20251128203228.0
008 037019s1989 ||||||||||||||000 | spa||
020 _a950-9849-33-2
040 _cAR-BaBNM
100 1 _aDido, Juan Carlos
245 1 0 _aLa fábula en la literatura argentina
260 _aBuenos Aires
_bVinciguerra
_c1989
300 0 _a149 p.
500 0 _aContiene referencias bibliográficas en p. 147
600 1 4 _aAzcuénaga, Domingo de
600 1 4 _aVarela, Juan Cruz
_d1794-1839
600 1 4 _aSenillosa, Felipe
600 1 4 _aReal de Azua, Gabriel Alejandro
_d1803-
600 1 4 _aEstéves Sagui, Miguel
600 1 4 _aGonzález, Joaquín V.
_d1863-1923
600 1 4 _aVelasco y Arias, María
600 1 4 _aBerdiales, Germán
_d1896-1975
600 1 4 _aLamrod, Julio
600 1 4 _aBlomberg, Héctor Pedro
600 1 4 _aYunque, Alvaro
600 1 4 _aFerraria Acosta, Eloisa
600 1 4 _aCroce, Gotardo E.
600 1 4 _aBanchs, Enrique
600 1 4 _aBorges, Jorge Luis
600 1 4 _aDenevi, Marco
_d1922-1998
600 1 4 _aGori, Gastón
600 1 4 _aVillafañe, Javier
600 1 4 _aGudiño Kieffer, Eduardo
600 1 4 _aDávalos, Juan Carlos
600 1 4 _aMorales, Ernesto
600 1 4 _aCanal Feijoo, Bernardo
600 1 4 _aVidal de Battini, Berta Elena
650 4 _aLITERATURA ARGENTINA
650 4 _aCRITICA LITERARIA
650 4 _aANALISIS LITERARIO
650 4 _aLITERATURA POPULAR
650 4 _aLITERATURA FOLKLORICA
650 4 _aFABULAS
650 4 _aHISTORIA LITERARIA
655 _aLITERATURA
942 _cBK
998 _cMARTIN
999 _c2493
_d2493